[Event "COL-ch U20"]
[Site "Cali"]
[Date "2024.03.03"]
[Round "8"]
[White "Pena Ramirez, Axel Daniel"]
[Black "Schettini Acuna, Massimo Matteo"]
[Result "0-1"]
[WhiteElo "1406"]
[BlackElo "1008"]
[PlyCount "60"]
[EventDate "2024.02.28"]
[EventType "swiss"]
[EventRounds "9"]
[EventCountry "COL"]
[SourceTitle "CB11_2024"]
[SourceDate "2024.03.13"]
[SourceVersion "1"]
[SourceVersionDate "2024.03.13"]
[SourceQuality "1"]

1. e4 e5 2. Nf3 Nc6 3. Bc4 Nf6 4. d3 h6 5. Be3 Bb4+ 6. c3 Ba5 7. Nbd2 d6 8. h3 0-0 9. Qe2 Re8 10. 0-0-0 a6 11. Bb3 b5 12. Rdg1 Bb6 13. g4 Bxe3 14. fxe3 g5 15. d4 Na5 16. Bd5 c6 17. Bb3 Nxb3+ 18. Nxb3 a5 19. Nbd2 exd4 20. exd4 Be6 21. b3 a4 22. a3 axb3 23. Nb1 Bc4 24. Qd1 Nxe4 25. Re1 Qa5 26. Kb2 c5 27. h4 b4 28. hxg5 bxc3+ 29. Kc1 b2+ 30. Kc2 Qa4# 0-1

[Event "COL-ch U20"]
[Site "Cali"]
[Date "2024.02.29"]
[Round "3"]
[White "Arenas Gonzalez, Juan Jose"]
[Black "Pena Ramirez, Axel Daniel"]
[Result "1-0"]
[WhiteElo "1287"]
[BlackElo "1406"]
[PlyCount "59"]
[EventDate "2024.02.28"]
[EventType "swiss"]
[EventRounds "9"]
[EventCountry "COL"]
[SourceTitle "CB11_2024"]
[SourceDate "2024.03.13"]
[SourceVersion "1"]
[SourceVersionDate "2024.03.13"]
[SourceQuality "1"]

1. e4 e5 2. Nf3 Nc6 3. d4 Nf6 4. d5 Ne7 5. Nbd2 d6 6. Be2 Ng6 7. 0-0 Nf4 8. c4 c5 9. Re1 Bh3 10. gxh3 Nxh3+ 11. Kg2 Qd7 12. Ng1 Nf4+ 13. Kh1 h5 14. Nf1 Nxe4 15. Be3 Qf5 16. Ng3 Qg5 17. Bxf4 exf4 18. Nxe4 Qg6 19. Qa4+ Kd8 20. Bf3 f5 21. Ng5 Be7 22. Ne6+ Kc8 23. Re2 h4 24. Rae1 Re8 25. Nf8 Rxf8 26. Rxe7 Rd8 27. Qa5 Rd7 28. Re8+ Qxe8 29. Rxe8+ Rd8 30. Qxd8# 1-0

[Event "COL-ch U20"]
[Site "Cali"]
[Date "2024.02.29"]
[Round "2"]
[White "Pena Ramirez, Axel Daniel"]
[Black "Jimenez Rios, Manuel David"]
[Result "0-1"]
[WhiteElo "1406"]
[BlackElo "1356"]
[PlyCount "62"]
[EventDate "2024.02.28"]
[EventType "swiss"]
[EventRounds "9"]
[EventCountry "COL"]
[SourceTitle "CB11_2024"]
[SourceDate "2024.03.13"]
[SourceVersion "1"]
[SourceVersionDate "2024.03.13"]
[SourceQuality "1"]

1. e4 c5 2. Nc3 Nc6 3. Bc4 g6 4. d3 Bg7 5. Be3 d6 6. h3 Nf6 7. Nf3 Bd7 8. Qd2 a6 9. a3 b5 10. Bb3 b4 11. axb4 cxb4 12. Na2 a5 13. Ba4 d5 14. b3 dxe4 15. dxe4 Nxe4 16. Qc1 0-0 17. Rb1 Ne5 18. Nd2 Nxd2 19. Bxd2 Bxa4 20. bxa4 Rc8 21. 0-0 Nc4 22. Rd1 Qc7 23. c3 Rfd8 24. Nxb4 Nxd2 25. Na6 Qxc3 26. Rb8 Qxc1 27. Rxc1 Rxc1+ 28. Kh2 Rxb8 29. Nxb8 Be5+ 30. g3 Bxb8 31. h4 Rc4 0-1